| 000 | 00362nam a22001337a 4500 | ||
|---|---|---|---|
| 020 | _a9783030328061 | ||
| 040 | _cNUST | ||
| 082 | _a629.2252 REN | ||
| 100 |
_a Renius, Karl Th. _998290 |
||
| 245 | _aFundamentals of Tractor Design | ||
| 260 |
_aSWITZERLAND: _bSPRINGER, _c2020. |
||
| 650 |
_aFundamentals of Tractor Design.NUSTTB2022 _9102795 |
||
| 942 |
_2ddc _cBK |
||
| 999 |
_c591250 _d591250 |
||